000 01777nam1a22003011 4500
001 RU\NLR\A2\5131
005 20251214183049.0
035 _a(NLR Aleph) 009858651
090 _a10376370
_c10376370
100 _a20251214 rusy50
101 0 _ager
102 _aRU
200 1 _aSammlungen historischer Nachrichten über die Mongolischen Völkerschaften
_fDurch P.S. Pallas D.A.D. Professor der Naturhist. und ordentl. Mitgl. der Russich-Kaiserl. Akademie d. W., der Römisch-Kayserl. und Königl. Schwedischen Akad. wie auch der Engl. Societät, der Petersburg. freyen ökonom. u. Berlin. naturforschenden Gesellschaften
210 _aSt. Petersburg [St.- Peterburg]
_cGedruckt bey der Kayserlichen Akademie der Wissenschaften
_d1776-1801
215 _d
321 1 _aСК XVIII(ин.) 2157
463 0 _1001RU\NLR\A2\5132
_913487943
_d1776
_pXIV, 232 с., [13] л. ил., табл.
_tSammlungen historischer Nachrichten über die Mongolischen Völkerschaften. - Sammlungen zur politischen, physikalischen und moralischen Geschichte der mongolischen Völkerschaften
463 0 _1001RU\NLR\A2\5133
_913487944
_d1801
_p[2], X, 440 с., [23] л. ил., табл.
_tSammlungen historischer Nachrichten über die Mongolischen Völkerschaften. - Sammlungen über den Götzendienst, die Geistlichkeit, Tempel und abergläubische Gebräuche der mongolischen Völkerschaften; hauptsächlich die aus dem Tybet abstammende Fabellehre und damit verknüpfte
620 _dSt.- Peterburg
700 1 _aPallas
_bP.S.
_f1741-1811
_gPeter Simon
_4070
712 0 2 _aAkademie der Wissenschaften
_cPetersburg
_bDruckerei
_4610
801 0 _aRU
_bNLR
_c19970428
852 _aNLR
_bRossica
_j13.3.5.58
942 _cBOOK
980 _aNB
980 _aRossica
980 _ain18